| 000 | 00669cam a2200229 i 4500 | ||
|---|---|---|---|
| 001 | 3698275 | ||
| 005 | 20240130044602.0 | ||
| 008 | 800904s1981 nyua b 001 0 eng | ||
| 020 | _a0853455376 : | ||
| 020 | _a0853455384 (pbk.) | ||
| 040 |
_aDLC _cDLC _dDLC _dOCoLC _dDLC |
||
| 082 | 0 | 0 |
_a305.4 _219 _bELE. |
| 100 | 1 | _aLeacock, Eleanor Burke, | |
| 245 | 1 | 0 |
_aMyths of male dominance : _bcollected articles on women cross-culturally / _cEleanor Burke Leacock. |
| 260 |
_aNew York : _bMonthly Review Press, _c1981. |
||
| 300 | _aviii, 344 p. : | ||
| 500 | _aIncludes index. | ||
| 650 | 0 | _aWomen | |
| 650 | 0 | _aSex role. | |
| 650 | 0 | _aFeminist anthropology. | |
| 942 | _cL | ||
| 999 |
_c236 _d236 |
||